Taylor Swift - Paroles Dancing With Our Hands Tied - Statistiques

Statistiques générales
  • Ce quiz a été pris 83 fois
  • Le résultat moyen est 342 sur 415
Statistiques - réponses
Hint Réponse % Correct
Couplet 1 | Couplet 2 I,
100%
I
100%
with
100%
a
98%
hands
98%
Hands
98%
love
98%
you
98%
You
98%
in
96%
we
96%
dancing
95%
Dancing
95%
First
95%
first
95%
me
95%
our
95%
tied,
95%
tied
95%
tied)
95%
loved
93%
secret
93%
were
93%
know,
91%
know
91%
Oh,
91%
(Oh,
91%
the
91%
an
89%
but
89%
Refrain But
89%
My,
89%
my
89%
to
89%
yeah,
89%
Yeah,
89%
it
87%
Like
87%
old
87%
reason
87%
was
87%
years
87%
and
85%
And
85%
feeling
85%
time,
85%
time
85%
bad
84%
pockets
84%
who
82%
your
82%
could
80%
Deep
80%
had
80%
no
80%
twenty-five
80%
without
80%
blue,
78%
invisible
78%
of
78%
that
78%
how
76%
golden
75%
painted
73%
Picture
73%
dance
71%
locket
71%
said
71%
say,
71%
say
71%
stop
71%
world
71%
face
69%
forever
69%
nothing
67%
us
67%
can
65%
again
64%
'cause
64%
frozen
64%
got
64%
I'm
64%
mess,
64%
mess
64%
out
64%
there
64%
wanted
64%
If
62%
sight,
62%
So,
62%
baby,
60%
been
60%
could've
58%
into
58%
it's
58%
oasis
58%
Bridge I'd
56%
keeping
56%
through
56%
bed
55%
down
55%
one
55%
close
53%
turned
53%
would
53%
gravity
51%
held
51%
lights
51%
rushes
51%
as
49%
darling,
47%
kiss
47%
spite
47%
avalanche?
45%
burned
45%
People
45%
room
45%
spent
45%
went
45%
fears
44%
hold
44%
knew
44%
divide
42%
water
42%
take
40%
started
38%
talking,
38%
sacred
35%
putting
31%
paces
27%
Swaying
27%
Aucun quiz correspondant
Distribution des résultats
% des personnes avec chaque résultat
Percentile par nombre de réponses
Votre historique - résultats
Vous n’avez pas pris ce quiz